The protestant ethic and the spirit of capitalism
Salvato in:
| Autore principale: | |
|---|---|
| Natura: | Libro |
| Lingua: | inglese |
| Pubblicazione: |
Nueva York
Charles Scribner's Sons
1958
|
| Soggetti: | |
| Tags: |
Aggiungi Tag
Nessun Tag, puoi essere il primo ad aggiungerne!!
|
MARC
| LEADER | 00000nam a2200000 a 4500 | ||
|---|---|---|---|
| 001 | UCG0546 | ||
| 003 | CL-VaPUC | ||
| 008 | 100325e19580000US |||||||||||||||||eng|d | ||
| 020 | |a 0684719215 | ||
| 082 | 0 | 4 | |a 330.15 |b WEB |2 21 |
| 100 | 0 | |a Weber, Max |e author |9 314708 | |
| 245 | 1 | 4 | |a The protestant ethic and the spirit of capitalism |
| 300 | |a 292 p | ||
| 942 | |c BK | ||
| 945 | |d 20100325 00:00:00 |a dcastane | ||
| 260 | |a Nueva York |b Charles Scribner's Sons |c 1958 | ||
| 650 | 0 | |a Capitalismo |9 255255 | |
| 650 | 0 | |a Aspectos religiosos |9 257320 | |
| 650 | 0 | |a Protestantismo |9 317293 | |
| 650 | 0 | |a Calvinismo |9 399682 | |
| 650 | 7 | |a METODISMO |2 CL-VaPUC |9 432992 | |
| 650 | 7 | |a SECTAS BAUTISTAS |2 CL-VaPUC |9 548043 | |
| 650 | 0 | |a Cristianismo y economía |9 255683 | |
| 583 | |a last modification |c 20130325 05:30:25 |k Rodrigo Vera | ||
| 999 | |c 340167 |d 340165 | ||
| 952 | |0 0 |1 0 |4 0 |6 330_150000000000000_WEB_1958 |7 0 |8 A |9 434703 |a BIBHIS |b BIBHIS |d 2019-11-22 |i 4643623 |l 1 |o 330.15 WEB 1958 |p 4643623 |r 2025-01-20 |s 2022-07-01 |w 2019-11-22 |y BK |k HIS | ||